000
00333 a2200157 4500
001
74342
020
_a
853570544-9
040
_c
Anchieta - Colégio São Paulo
100
_a
Boligian, Levon
240
1
0
_a
Geografia
_l
por
245
1
0
_a
Geografia
300
_a
448
362
0
_a
2004
650
4
_a
Geografia e viagens
942
_c
BK
999
_c
74342
_d
74342